| 000 | 00870nam a2200289Ia 4500 | ||
|---|---|---|---|
| 003 | OSt | ||
| 005 | 20220925223124.0 | ||
| 006 | a|||||r|||| 00| 0 | ||
| 007 | ta | ||
| 008 | 220923b |||||||| |||| 00| 0 eng d | ||
| 020 | _cPd 19.99 | ||
| 037 |
_b66807, 26/03/2001, IBD _cGeneral Book |
||
| 040 |
_aRTL _cRTL _beng |
||
| 041 |
_2eng _aeng |
||
| 082 | _aU2884, N2;P1 | ||
| 100 |
_aSmith Keith _9255651 |
||
| 245 | 0 |
_aEnvironmental hazards _b Assessing risk and reducing Disaster |
|
| 250 | _aEd 3 | ||
| 260 |
_aLondon _bRoutledge _c1996 |
||
| 300 |
_axxiv, 392p _ccm. |
||
| 490 | _aRoutledge Physical Environment Series | ||
| 500 | _aBibliography: P 355-80; Appendix: P 353-54 | ||
| 650 | _a Climate | ||
| 650 | _aHazards | ||
| 942 |
_hU2884, N2;P1 _cGB _2CC |
||
| 999 |
_c578684 _d578684 |
||